LEADER 03160nam 2200697 450 001 9910823894203321 005 20200520144314.0 010 $a1-118-32584-2 010 $a1-118-47682-4 010 $a1-118-32583-4 035 $a(CKB)2670000000545149 035 $a(EBL)1653574 035 $a(SSID)ssj0001180010 035 $a(PQKBManifestationID)11794224 035 $a(PQKBTitleCode)TC0001180010 035 $a(PQKBWorkID)11185955 035 $a(PQKB)11179317 035 $a(MiAaPQ)EBC1653574 035 $a(DLC) 2014014867 035 $a(MiAaPQ)EBC4034189 035 $a(Au-PeEL)EBL1653574 035 $a(CaPaEBR)ebr10851696 035 $a(OCoLC)874322951 035 $a(Au-PeEL)EBL4034189 035 $a(CaPaEBR)ebr11109633 035 $a(CaONFJC)MIL584443 035 $a(OCoLC)927507765 035 $a(EXLCZ)992670000000545149 100 $a20140409h20142014 uy 0 101 0 $aeng 135 $aur|n|---||||| 181 $ctxt 182 $cc 183 $acr 200 14$aThe future for creative writing /$fGraeme Harper 205 $aFirst edition. 210 1$aChichester, West Sussex, United Kingdom :$cJohn Wiley & Sons,$d2014. 210 4$dİ2014 215 $a1 online resource (161 p.) 225 1 $aWiley-Blackwell Manifestos 300 $aDescription based upon print version of record. 311 $a0-470-65492-9 320 $aIncludes bibliographical references and index. 327 $aMachine generated contents note: Acknowledgments vii Introduction 1 1 The Age of Creative Writing 17 2 Dynamism and the Creative Writer 35 3 Creative Writing Educating 53 4 Developing Creative Exposition 71 5 Selling and Buying Creative Writing 89 6 Speaking in Creative Writing 107 7 Living and Working as a Creative Writer 119 Conclusion 135 Selected Reading 143 Index 149 . 330 $a"This is a compelling look at the current state and future direction of creative writing by a preeminent scholar in the field. Explores the practice of creative writing, its place in the world, and its impact on individuals and communities Considers the process of creative writing as an art form and as a mode of communication Examines how new technology, notably the internet and cell phones, is changing the ways in which creative work is undertaken and produced Addresses such topics as writing as a cultural production, the education of a creative writer, the changing nature of communication, and different attitudes to empowerment "--$cProvided by publisher. 330 $a"Addresses such topics as writing as a cultural production, the education of a creative writer, the changing nature of communication"--$cProvided by publisher. 410 0$aWiley-Blackwell manifestos. 606 $aCreative writing 606 $aAuthorship 615 0$aCreative writing. 615 0$aAuthorship. 676 $a808.02 686 $aEDU029020$2bisacsh 700 $aHarper$b Graeme$01608735 801 0$bMiAaPQ 801 1$bMiAaPQ 801 2$bMiAaPQ 906 $aBOOK 912 $a9910823894203321 996 $aThe future for creative writing$94122585 997 $aUNINA LEADER 04452nam 22005895 450 001 9910300272303321 005 20200705022145.0 010 $a3-319-72628-5 024 7 $a10.1007/978-3-319-72628-1 035 $a(CKB)4100000002892203 035 $a(DE-He213)978-3-319-72628-1 035 $a(MiAaPQ)EBC5387486 035 $a(MiAaPQ)EBC5588886 035 $a(Au-PeEL)EBL5588886 035 $a(OCoLC)1029763455 035 $a(PPN)225553252 035 $a(EXLCZ)994100000002892203 100 $a20180323d2018 u| 0 101 0 $aeng 135 $aurnn|008mamaa 181 $ctxt$2rdacontent 182 $cc$2rdamedia 183 $acr$2rdacarrier 200 10$aDiagnostic Methods for Cirrhosis and Portal Hypertension /$fedited by Annalisa Berzigotti, Jaime Bosch 205 $a1st ed. 2018. 210 1$aCham :$cSpringer International Publishing :$cImprint: Springer,$d2018. 215 $a1 online resource (VIII, 341 p. 65 illus., 53 illus. in color.) 311 $a3-319-72627-7 327 $aIntroduction -- Cirrhosis and portal hypertension: natural history and prognosis.-Part I:Gold-standard invasive diagnostic methods -- Liver Biopsy -- Hepatic venous pressure measurement -- Endoscopy -- Part 2: non-invasive diagnostic methods -- Non-invasive serum markers of fibrosis -- Ultrasound elastography: general and technical overview -- Liver stiffness by ultrasound (transient) elastography -- Spleen stiffness by ultrasound elastography -- Magnetic resonance elastography -- Imaging: ultrasound and Doppler ultrasound -- Contrast-enhanced ultrasound and dynamic contrast-enhanced ultrasound -- Subharmonic aided pressure estimation (SHAPE) -- Endoscopic ultrasound -- Computerised Tomography -- Magnetic resonance imaging (including dynamic flow assessment) -- Part 3: invasive and non-invasive diagnostic methods in special conditions Budd-Chiari Syndrome -- Portal vein thrombosis and Extrahepatic portal vein obstruction- An Asian and Global Perspective -- Idiopathic portal hypertension -- Rendu-Osler disease and Artero-venous fistulae -- Pediatric population. 330 $aThis book provides a unique up-to-date and comprehensive overview of the most important diagnostic methods available for assessing liver cirrhosis and portal hypertension. The book covers all the significant advances made in the last 10 years in HVPG and biopsy interpretation, imaging and elastography. This is a unique and well structured book authored by senior experts in the field aimed at providing updated knowledge to the hepatology specialist and to the physicians interested in chronic liver disease. The book starts by giving an overview of the disease, outlining the clinical needs in this field; this is followed by detailed information both on the invasive gold-standard methods (HVPG measurement, liver biopsy, endoscopy), and on the standard and emerging non-invasive methods, including serum markers of fibrosis, ultrasound-elastography, magnetic resonance elastography, ultrasound, contrast-enhanced ultrasound, CT, magnetic resonance and derived methods (dynamic flow assessment). The final part of the book is devoted to diagnostic tests in non-cirrhotic causes of portal hypertension (Budd-Chiari Syndrome, Portal vein thrombosis, idiopathic portal hypertension, etc), and in pediatric portal hypertension. Written by a team of worldwide opinion leaders this book pays special attention to the most promising novel non-invasive methods in the field. 606 $aHepatology 606 $aRadiology 606 $aPathology 606 $aHepatology$3https://scigraph.springernature.com/ontologies/product-market-codes/H33088 606 $aImaging / Radiology$3https://scigraph.springernature.com/ontologies/product-market-codes/H29005 606 $aPathology$3https://scigraph.springernature.com/ontologies/product-market-codes/H4800X 615 0$aHepatology. 615 0$aRadiology. 615 0$aPathology. 615 14$aHepatology. 615 24$aImaging / Radiology. 615 24$aPathology. 676 $a616.36 702 $aBerzigotti$b Annalisa$4edt$4http://id.loc.gov/vocabulary/relators/edt 702 $aBosch$b Jaime$4edt$4http://id.loc.gov/vocabulary/relators/edt 801 0$bMiAaPQ 801 1$bMiAaPQ 801 2$bMiAaPQ 906 $aBOOK 912 $a9910300272303321 996 $aDiagnostic Methods for Cirrhosis and Portal Hypertension$91745040 997 $aUNINA